[Event "Challenge"]
[Site "http://www.queenalice.com/game.php?id=580790"]
[Date "2009.5.1"]
[Round "-"]
[White "vilmar357"]
[Black "Losme"]
[Result "1-0"]
[WhiteElo "1440"]
[BlackElo "1501"]

1. e4 e5 2. Bc4 Nf6 3. d3 d6 4. Bg5 Be6 5. Bxf6 Qxf6 6. Nf3 Bxc4 7. dxc4 b6 8.
Nc3 c5 9. Nd5 Qd8 10. O-O g6 11. Ne3 Bg7 12. g3 O-O 13. h4 Nc6 14. a3 a5 15. Qd2
Nd4 16. Nxd4 exd4 17. Nd5 f5 18. f4 fxe4 19. c3 e3 20. Qd3 Qd7 21. Nxb6 Qh3 22.
Nxa8 Qxg3+ 23. Kh1 Rxa8 24. Qe4 Qxh4+ 25. Kg1 Rd8 26. Qh1 Qg4+ 27. Qg2 Qf5 28.
Qg5 Rf8 29. Qxf5 Rxf5 30. Rae1 g5 31. fxg5 Rxf1+ 32. Kxf1 Be5 33. Ke2 Kg7 34.
Kd3 Kg6 35. Rh1 a4 36. Rh4 h5 37. Ke4 Kxg5 38. Rh1 Kg4 39. Rg1+ Kh3 40. Kf3 Kh2
41. Rg5 h4 42. Rg2+ Kh1 43. Re2 h3 44. Rc2 h2 45. Rc1# 1-0

[Event "Challenge"]
[Site "http://www.queenalice.com/game.php?id=583938"]
[Date "2009.5.6"]
[Round "-"]
[White "Losme"]
[Black "MOSKY"]
[Result "1/2-1/2"]
[WhiteElo "1539"]
[BlackElo "1718"]

1. e4 c5 2. c4 Nc6 3. g3 d6 4. Bg2 Nf6 5. d3 Bd7 6. Bd2 Nd4 7. b4 cxb4 8. Bxb4
Nc6 9. Bc3 e5 10. Ne2 Be7 11. O-O Qb6 12. Nd2 O-O 13. Rb1 Qa6 14. Nc1 Bg4 15.
Qb3 Rab8 16. Qb5 Nxe4 17. dxe4 Qa3 18. Rb3 Qc5 19. Qxc5 dxc5 20. h3 Bd7 21. Nf3
Nd4 22. Bxd4 exd4 23. Ne5 Be8 24. Ncd3 f6 25. Nf3 Bc6 26. Nd2 Bd7 27. Rfb1 b6
28. Ra3 Rb7 29. e5 Rc7 30. exf6 Bxf6 31. Nb2 Re8 32. Ne4 Be7 33. Nd3 Bc6 34. Nd2
Bd7 35. Re1 Bg5 36. f4 Rxe1+ 37. Nxe1 Be7 38. g4 Kf7 39. f5 Bg5 40. Ne4 Be3+ 41.
Kh1 Bc6 42. Nd6+ Ke7 43. Ne4 Bc1 44. Rb3 Bd7 45. h4 Ba4 46. Rb1 Be3 47. Nd3 Bc2
48. Nb4 cxb4 49. Rxb4 Bd1 50. g5 d3 51. Nc3 Bd2 52. Nd5+ Kd7 53. Rb2 Bc1 54. Rb1
Rxc4 55. a3 Rxh4+ 56. Kg1 d2 57. Ne3 Bc2 58. Ra1 Bxf5 59. Bf3 Bd3 60. Ra2 Bb1
61. Ra1 Bd3 62. Ra2 Bb1 63. Ra1 Bd3 64. Bd1 Bb2 65. Ra2 Bc3 66. Nf5 Bxf5 67. Kg2
Bb1 68. Kg3 Bxa2 69. Kxh4 Bb2 70. a4 Kd6 71. Bc2 Bb1 72. Bd1 Bd3 73. Kg4 Be5 74.
Bb3 Be2+ 75. Kf5 Bd3+ 76. Kg4 Be2+ 77. Kf5 Bd3+ 78. Kg4 1/2-1/2

[Event "Challenge"]
[Site "http://www.queenalice.com/game.php?id=588947"]
[Date "2009.5.16"]
[Round "-"]
[White "Motorhead"]
[Black "Losme"]
[Result "1/2-1/2"]
[WhiteElo "1574"]
[BlackElo "1517"]

1. e4 e5 2. Nf3 d6 3. d4 exd4 4. Nxd4 Nf6 5. Nc3 c5 6. Nb3 Nbd7 7. Bg5 Be7 8.
Bb5 O-O 9. O-O Ne5 10. f4 Ng6 11. Bd3 Ng4 12. Bxe7 Qxe7 13. Nd5 Qd8 14. Qf3 a6
15. Rae1 b5 16. Be2 c4 17. Nd4 Qa5 18. Nc6 Qxa2 19. Nce7+ Kh8 20. Nxg6+ fxg6 21.
Ne7 Bd7 22. Nxg6+ hxg6 23. Qh3+ Kg8 24. Bxg4 Bxg4 25. Qxg4 Qxb2 26. Qxg6 Rf6 27.
Qg5 Raf8 28. Re3 Qxc2 29. Qd5+ Kh7 30. Rh3+ Rh6 31. Rxh6+ Kxh6 32. Rf3 Qc1+ 33.
Kf2 Qb2+ 34. Kg3 c3 35. Kg4 Kh7 36. Rh3+ Kg6 37. Qxd6+ Kf7 38. Qd7+ Kg8 39. Qe6+
Rf7 40. Qxa6 c2 41. Qc8+ Rf8 42. Qe6+ Rf7 43. Qe8+ Rf8 44. Qe6+ Rf7 45. Qe8+ Rf8
46. Qe6+ 1/2-1/2

[Event "Challenge"]
[Site "http://www.queenalice.com/game.php?id=592565"]
[Date "2009.5.23"]
[Round "-"]
[White "Losme"]
[Black "changsta"]
[Result "0-1"]
[WhiteElo "1517"]
[BlackElo "1654"]

1. d4 d5 2. Nc3 Nf6 3. e3 Nc6 4. Bb5 Bd7 5. Nf3 e6 6. O-O Bd6 7. b3 O-O 8. a4 e5
9. Ba3 Bg4 10. dxe5 Bxe5 11. Bxf8 Bxc3 12. Rb1 Qxf8 13. Qd3 Qb4 14. Ng5 Ne5 15.
h3 Nxd3 16. Bxd3 Bh5 17. Rbc1 h6 18. Nf3 Bxf3 19. gxf3 Qh4 20. Kh2 Be5+ 21. f4
Bxf4+ 22. exf4 Qxf4+ 23. Kg2 Re8 24. f3 Nh5 25. Kf2 Qh2# 0-1

[Event "Challenge"]
[Site "http://www.queenalice.com/game.php?id=592568"]
[Date "2009.5.23"]
[Round "-"]
[White "Losme"]
[Black "rodrigoma"]
[Result "0-1"]
[WhiteElo "1521"]
[BlackElo "1974"]

1. e4 e5 2. c3 Nf6 3. d3 Be7 4. Nf3 Nc6 5. Nbd2 O-O 6. Nc4 d6 7. b4 b5 8. Na3 a6
9. Be2 Bb7 10. O-O Nd7 11. c4 bxc4 12. Nxc4 Bf6 13. a3 Ne7 14. Rb1 Ng6 15. Na5
Rb8 16. Bb2 Nf4 17. Nd2 Qe8 18. Ndc4 Ba8 19. Bg4 Nb6 20. Ne3 g6 21. g3 Ne6 22.
Qf3 Bg7 23. Qg2 c5 24. bxc5 Nxc5 25. Qh3 Nxd3 26. Nf5 Qd8 27. Nb3 Nc4 28. Bc3
Bxe4 29. Na5 Rxb1 30. Rxb1 Nxa5 31. Bd2 Nxf2 32. Kxf2 Bxb1 33. Bh6 Bxf5 34. Bxf5
Bxh6 0-1

[Event "copa,liga champions"]
[Site "http://www.queenalice.com/game.php?id=593749"]
[Date "2009.5.26"]
[Round "-"]
[White "Andreu"]
[Black "Losme"]
[Result "1-0"]
[WhiteElo "1941"]
[BlackElo "1523"]

1. e4 e5 2. Nf3 d6 3. Bc4 Be6 4. Bxe6 fxe6 5. d3 d5 6. Bd2 Bd6 7. Nc3 h6 8. O-O
Na6 9. Re1 Qd7 10. exd5 O-O-O 11. Nxe5 Qe7 12. Nc4 Nc5 13. Nxd6+ Qxd6 14. dxe6
Nxe6 15. Nb5 Qb6 16. Qg4 Qxb5 17. Rxe6 Nf6 18. Rxf6+ Kb8 19. Rf4 Rhg8 20. Rb4
Qc5 21. Bc3 Rgf8 22. Rf1 Rde8 23. Rc4 Qe7 24. Bb4 Qg5 25. Bxf8 Qxg4 26. Rxg4
Rxf8 27. Rxg7 b6 28. Re1 1-0

[Event "Challenge"]
[Site "http://www.queenalice.com/game.php?id=601264"]
[Date "2009.6.10"]
[Round "-"]
[White "changsta"]
[Black "Losme"]
[Result "1-0"]
[WhiteElo "1855"]
[BlackElo "1519"]

1. e4 e5 2. f4 exf4 3. Nf3 Nf6 4. e5 Nh5 5. Be2 Bc5 6. d4 Bb4+ 7. Bd2 Be7 8. O-O
O-O 9. Ne1 Nc6 10. Bxh5 Nxd4 11. Bxf4 Bc5 12. Be3 Qh4 13. Rf4 Qg5 14. Bxd4 Qxf4
15. Bxc5 d6 16. exd6 Rd8 17. Nd3 Qa4 18. Nc3 Qd7 19. Ne5 Qf5 20. Bxf7+ Kh8 21.
Qd4 cxd6 22. Qh4 Qf6 23. Ng6+ Qxg6 24. Bxg6 Kg8 25. Qxd8# 1-0

[Event "Let's Play Chess!"]
[Site "http://www.queenalice.com/game.php?id=653699"]
[Date "2009.9.17"]
[Round "-"]
[White "BALASH"]
[Black "Losme"]
[Result "0-1"]
[WhiteElo "1318"]
[BlackElo "1546"]

1. e4 e5 2. a3 Nf6 3. Nc3 c6 4. b4 b5 5. Nf3 d6 6. h3 Be7 7. g4 O-O 8. Be2 Qb6
9. d3 c5 10. Be3 Nc6 11. Nh4 a5 12. O-O Ne8 13. Nf5 Bxf5 14. Nd5 Qa7 15. gxf5
Bd8 16. Bh5 a4 17. Qg4 Ne7 18. Nxe7+ Bxe7 19. Kh2 Nf6 20. Qe2 Qc7 21. Bf3 Rac8
22. Rg1 d5 23. c3 d4 24. Bd2 c4 25. Rg2 Kh8 26. Rag1 dxc3 27. Bxc3 Rg8 28. Qd2
Rcd8 29. Bg4 Rxd3 30. Qc2 Nxe4 31. Ba1 Bh4 32. Be2 Nxf2 33. Bxd3 e4+ 34. Be5
Qxe5+ 35. Rg3 exd3 36. Qxf2 h6 37. Kh1 Qd5+ 38. R1g2 d2 39. f6 d1=Q+ 0-1

[Event "Let's Play Chess!"]
[Site "http://www.queenalice.com/game.php?id=653707"]
[Date "2009.9.17"]
[Round "-"]
[White "therota2"]
[Black "Losme"]
[Result "0-1"]
[WhiteElo "1392"]
[BlackElo "1526"]

1. c4 c5 2. Nc3 e5 3. e4 b6 4. Nd5 d6 5. Be2 Nf6 6. f4 Nxe4 7. fxe5 dxe5 8. Qa4+
Bd7 9. Qc2 Qh4+ 10. g3 Nxg3 11. Nc7+ Kd8 12. Nf3 Qh3 13. Nxa8 Qg2 14. Rg1 Qxe2#
0-1

[Event "Let's Play Chess!"]
[Site "http://www.queenalice.com/game.php?id=653904"]
[Date "2009.9.17"]
[Round "-"]
[White "Losme"]
[Black "thedead"]
[Result "0-1"]
[WhiteElo "1605"]
[BlackElo "1580"]

1. e4 e5 2. d3 Nc6 3. c4 d6 4. Nf3 Nf6 5. b4 Nxb4 6. Qa4+ Nc6 7. Nc3 Be7 8. Rb1
O-O 9. Be2 a6 10. O-O Re8 11. a3 Bg4 12. Ng5 Bc8 13. Be3 h6 14. Nf3 Bf8 15. Qc2
Ne7 16. d4 exd4 17. Bxd4 Ng6 18. Be3 c6 19. a4 Be6 20. Rxb7 Re7 21. Rb6 Rc7 22.
a5 Nd7 23. Rbb1 Nde5 24. Rfd1 Nxc4 25. Bxc4 Bxc4 26. Bb6 Rac8 27. Bxc7 Qxc7 28.
Qa4 d5 29. Rb6 Nf4 30. Rxc6 Qxc6 31. Qxc6 Rxc6 32. exd5 Rc8 33. d6 Be6 34. Ne4
Rd8 35. Ne5 f6 36. Nc6 Ra8 37. d7 Bxd7 38. Rxd7 Re8 39. Ng3 Re1+ 40. Nf1 Ne2+
0-1

[Event "Let's Play Chess!"]
[Site "http://www.queenalice.com/game.php?id=665494"]
[Date "2009.10.11"]
[Round "-"]
[White "Losme"]
[Black "jw16js"]
[Result "1-0"]
[WhiteElo "1577"]
[BlackElo "1591"]

1. d4 b6 2. e3 Bb7 3. c4 e6 4. Bd3 Nf6 5. Nf3 Bb4+ 6. Bd2 Bxd2+ 7. Qxd2 Ng4 8.
e4 Qf6 9. e5 Qh6 10. Qxh6 Nxh6 11. Nh4 g5 12. Nf3 g4 13. Nh4 Nc6 14. Be4 d5 15.
cxd5 Nxd4 16. Nc3 exd5 17. Bxd5 c6 18. Be4 b5 19. Nf5 Nhxf5 20. Bxf5 Nxf5 21.
Ne4 Nd4 22. O-O O-O-O 23. Nd6+ Kb8 24. Nxf7 Nc2 25. Rac1 Nd4 26. Rcd1 Ne2+ 27.
Kh1 Rxd1 28. Rxd1 Rf8 29. e6 Kc7 30. Nd6 Kb8 31. e7 Rh8 32. e8=Q+ Rxe8 33. Nxe8
a6 34. Rd8+ Ka7 35. Nd6 c5 36. Rd7 Ka8 37. Rxb7 Nd4 38. Rxh7 Nc6 39. Rg7 c4 40.
Rxg4 Kb8 41. Rg7 Nd8 42. h4 Nc6 43. h5 b4 44. Nxc4 a5 45. h6 b3 46. axb3 Nd4 47.
h7 1-0

[Event "Madriz 0 Alcorcón 4"]
[Site "http://www.queenalice.com/game.php?id=677655"]
[Date "2009.11.4"]
[Round "-"]
[White "MOSKY"]
[Black "Losme"]
[Result "1-0"]
[WhiteElo "1710"]
[BlackElo "1588"]

1. e4 e5 2. Nc3 Bb4 3. a3 Bxc3 4. dxc3 Nf6 5. Bg5 O-O 6. f3 c5 7. Nh3 d6 8. Ng1
Nc6 9. Qb1 d5 10. Qd1 c4 11. Rc1 dxe4 12. Qxd8 Nxd8 13. Bxc4 exf3 14. Nxf3 Ng4
15. h3 e4 16. hxg4 exf3 17. gxf3 Nc6 18. Kd2 Ne5 19. Be7 Re8 20. Bd3 Rxe7 21.
Bxh7+ Kf8 22. Be4 Nc4+ 23. Ke2 Nxb2 24. Rh8# 1-0

[Event "Challenge"]
[Site "http://www.queenalice.com/game.php?id=730591"]
[Date "2010.2.12"]
[Round "-"]
[White "Losme"]
[Black "rrrrr76"]
[Result "0-1"]
[WhiteElo "1583"]
[BlackElo "2060"]

1. e4 e6 2. d4 d5 3. exd5 exd5 4. Nc3 Nc6 5. Bf4 Nf6 6. Nb5 Bd6 7. Bg5 O-O 8.
Bd3 Be7 9. b3 a6 10. Na3 Bxa3 11. Ne2 Bg4 12. O-O h6 13. Bxf6 Qxf6 14. c4 Bb2
15. Rb1 Bxd4 16. Bc2 Rfe8 17. Qd3 g6 18. Ng3 Nb4 19. Qd2 Nxc2 20. Qxc2 dxc4 21.
bxc4 b6 22. Qd2 Kg7 23. Rbe1 Rxe1 24. Qxe1 Rd8 25. Qe4 Be6 26. Qc6 Qf4 27. Qb7
Bxc4 28. Qf3 Qxf3 29. gxf3 Bxf1 30. Kxf1 c5 31. a4 b5 32. axb5 axb5 33. Ke2 Be5
0-1